[Event "ISR-ch op"]
[Site "Acre"]
[Date "2024.01.24"]
[Round "4"]
[White "Cohen, Israel"]
[Black "Iliaguev, Daniel"]
[Result "0-1"]
[WhiteElo "1474"]
[BlackElo "2153"]
[PlyCount "148"]
[EventDate "2024.01.21"]
[EventType "swiss"]
[EventRounds "9"]
[EventCountry "ISR"]
[SourceTitle "CB05_2024"]
[SourceDate "2024.01.31"]
[SourceVersion "1"]
[SourceVersionDate "2024.01.31"]
[SourceQuality "1"]

1. d4 Nf6 2. c4 g6 3. Nc3 d5 4. cxd5 Nxd5 5. e4 Nxc3 6. bxc3 Bg7 7. Bc4 0-0 8. Ne2 Nc6 9. 0-0 Na5 10. Bd3 c5 11. Be3 c4 12. Bc2 b6 13. f4 f5 14. Ng3 e6 15. Qd2 Qf6 16. Rad1 h5 17. e5 Qe7 18. d5 exd5 19. Qxd5+ Be6 20. Qd6 Qf7 21. Ne2 Nb7 22. Qa3 Rfc8 23. Nd4 Bf8 24. Qc1 Bd5 25. Qd2 Rd8 26. Qf2 Nc5 27. Qg3 Be4 28. e6 Qf6 29. Bxe4 Nxe4 30. Qe1 Bc5 31. Rf3 Bxd4 32. Bxd4 Qxe6 33. Rg3 Kf7 34. Re3 b5 35. Rb1 Rd5 36. a4 a6 37. Rb4 Qd6 38. Qb1 Nxc3 39. Bxc3 Rd1+ 40. Re1 Rxb1 41. Rexb1 Qc5+ 42. Kh1 Qe3 43. Be1 c3 44. Bxc3 Qxc3 45. axb5 Re8 46. h3 axb5 47. Rxb5 Qg3 48. Rb7+ Kf8 49. Rh7 Kg8 50. Rhb7 Qxf4 51. R7b3 Kg7 52. Rb7+ Kh6 53. R7b2 Re3 54. Rb5 Re2 55. R5b3 h4 56. Rf3 Qg5 57. Rg1 Qd2 58. Rb3 Qc2 59. Rf3 g5 60. Ra3 f4 61. Ra6+ Kh5 62. Ra3 Rf2 63. Rf3 Rxf3 64. gxf3 Qd3 65. Kg2 Qe2+ 66. Kh1 Qxf3+ 67. Kh2 Qe2+ 68. Rg2 f3 69. Rxe2 fxe2 70. Kg2 e1Q 71. Kf3 Kg6 72. Kg2 Qe2+ 73. Kg1 g4 74. hxg4 h3 0-1

[Event "ISR-ch op"]
[Site "Safed"]
[Date "2021.12.14"]
[Round "7"]
[White "Iliaguev, Daniel"]
[Black "Ribshtein, Nati"]
[Result "0-1"]
[WhiteElo "2094"]
[BlackElo "2291"]
[PlyCount "102"]
[EventDate "2021.12.08"]
[EventType "swiss"]
[EventRounds "9"]
[EventCountry "ISR"]
[SourceTitle "CBM 205 Extra"]
[Source "ChessBase"]
[SourceDate "2022.01.31"]
[SourceVersion "1"]
[SourceVersionDate "2022.01.31"]
[SourceQuality "1"]

1. d4 d5 2. c4 e6 3. Nf3 a6 4. g3 dxc4 5. Bg2 b5 6. 0-0 Bb7 7. Qc2 Nf6 8. Nbd2 Nbd7 9. Rd1 c5 10. b3 cxb3 11. Nxb3 Be4 12. Qb2 c4 13. Nbd2 Bc6 14. Qc2 Bb4 15. a3 Ba5 16. Bb2 0-0 17. Rac1 Rc8 18. Bc3 Bxc3 19. Qxc3 Ne4 20. Nxe4 Bxe4 21. Nd2 Bxg2 22. Kxg2 Nf6 23. e4 Qb6 24. f3 h6 25. Nf1 Rfd8 26. Ne3 Rd7 27. Rd2 Rcd8 28. Rcd1 Ne8 29. h4 Nd6 30. d5 e5 31. g4 Re8 32. Kh3 Rb7 33. Nf5 Kh7 34. Rb1 g6 35. Nxd6 Qxd6 36. Qb4 Qf6 37. Qc3 Rd8 38. Rf1 Qf4 39. Rfd1 Rd6 40. Rb2 f5 41. exf5 gxf5 42. Re2 e4 43. Qe3 Qxf3+ 44. Qxf3 exf3 45. Re3 fxg4+ 46. Kxg4 Rbd7 47. Re5 f2 48. Kg3 Rxd5 49. Rdxd5 Rxd5 50. Re7+ Kg6 51. Kxf2 Rc5 0-1

[Event "ISR-ch U18"]
[Site "HaKfar HaYarok"]
[Date "2021.03.25"]
[Round "8"]
[White "Iliaguev, Daniel"]
[Black "Katkov, Michelle"]
[Result "0-1"]
[WhiteElo "2103"]
[BlackElo "2078"]
[PlyCount "139"]
[EventDate "2021.03.19"]
[EventType "swiss"]
[EventRounds "9"]
[EventCountry "ISR"]
[SourceTitle "EXT 2022"]
[Source "ChessBase"]
[SourceDate "2021.10.06"]
[SourceVersion "1"]
[SourceVersionDate "2021.10.06"]
[SourceQuality "1"]

1. e4 e5 2. Nf3 Nc6 3. d4 exd4 4. Bc4 Bc5 5. c3 Nf6 6. e5 d5 7. Be2 Ne4 8. cxd4 Bb6 9. 0-0 0-0 10. Be3 f6 11. exf6 Qxf6 12. Nbd2 Bf5 13. Nb3 Rad8 14. Rc1 a5 15. Nbd2 h6 16. Rxc6 bxc6 17. Qa4 c5 18. Rd1 cxd4 19. Bxd4 Bxd4 20. Qxd4 Qxd4 21. Nxd4 Nxd2 22. Rxd2 c5 23. Nc6 Rde8 24. f3 d4 25. Bc4+ Be6 26. Nxa5 Bxc4 27. Nxc4 Re1+ 28. Kf2 Rc1 29. Ne5 Rd8 30. Nd3 Ra1 31. Nxc5 Rxa2 32. Ne6 Rb8 33. Nxd4 Rbxb2 34. Rxb2 Rxb2+ 35. Kg3 Kf7 36. Nf5 Kf6 37. Nd6 Ke6 38. Ne4 Ke5 39. h4 Re2 40. Nf2 Kd4 41. Nh3 Ke3 42. Nf4 Ra2 43. Nd5+ Kd4 44. Nf4 Ra6 45. h5 Ke5 46. Nd3+ Kf5 47. Kh4 Ra3 48. Nf2 Ra2 49. Kg3 Kg5 50. Ne4+ Kxh5 51. Nc3 Rc2 52. Ne4 Kg6 53. Nf2 Kf5 54. Nd1 Ke5 55. Ne3 Re2 56. Ng4+ Kd4 57. Nf2 Rb2 58. Nh3 Ke3 59. Nf4 Rd2 60. Nh3 g5 61. f4 gxf4+ 62. Nxf4 Rd6 63. Kg4 Ra6 64. g3 Ra5 65. Ng2+ Kf2 66. Nf4 Rg5+ 67. Kh4 Rxg3 68. Kh5 Kf3 69. Ne6 Rh3+ 70. Kg6 0-1

[Event "ISR-ch U18"]
[Site "HaKfar HaYarok"]
[Date "2021.03.23"]
[Round "5"]
[White "Stolyarsky, Yegor"]
[Black "Iliaguev, Daniel"]
[Result "0-1"]
[WhiteElo "2063"]
[BlackElo "2103"]
[PlyCount "186"]
[EventDate "2021.03.19"]
[EventType "swiss"]
[EventRounds "9"]
[EventCountry "ISR"]
[SourceTitle "EXT 2022"]
[Source "ChessBase"]
[SourceDate "2021.10.06"]
[SourceVersion "1"]
[SourceVersionDate "2021.10.06"]
[SourceQuality "1"]

1. Nf3 c5 2. c4 g6 3. d4 cxd4 4. Nxd4 Bg7 5. Nc3 Nf6 6. e4 d6 7. g3 0-0 8. Bg2 Nc6 9. Nxc6 bxc6 10. e5 Ng4 11. exd6 exd6 12. 0-0 Ne5 13. Qa4 Be6 14. Rd1 Bg4 15. Bf4 Bxd1 16. Rxd1 Qb6 17. Bxe5 Bxe5 18. Bxc6 Rab8 19. Bb5 a6 20. Qxa6 Qxa6 21. Bxa6 Rxb2 22. Ne4 Ra8 23. Bb5 Raxa2 24. Bc6 f5 25. Ng5 Rxf2 26. Nf3 Rg2+ 27. Kh1 Rgc2 28. c5 Ra1 29. Rxa1 Bxa1 30. Bd5+ Kg7 31. cxd6 Rc1+ 32. Kg2 Rd1 33. Bb7 Rxd6 34. h4 Rb6 35. Bd5 Bf6 36. Bc4 Rb4 37. Be6 Rb6 38. Bd7 Rb2+ 39. Kf1 Be7 40. Ng1 Bd6 41. Ne2 Kf6 42. Bc6 Be5 43. Bd5 h6 44. Bc4 Rc2 45. Bb5 Rb2 46. Bc4 Rb4 47. Bd5 f4 48. g4 g5 49. h5 Bd4 50. Kg2 Ke5 51. Bc6 Rb2 52. Kf1 Be3 53. Bf3 Bd2 54. Bc6 Kd6 55. Ba8 Kc5 56. Be4 Kc4 57. Kg2 Be3 58. Kf3 Rd2 59. Bb7 Rd1 60. Ba6+ Kb4 61. Ke4 Rd2 62. Kf3 Kb3 63. Bb5 Kb4 64. Ba6 Ra2 65. Bd3 Kc5 66. Be4 Kd6 67. Bd3 Ke5 68. Bb5 Ra1 69. Kg2 Ke4 70. Nc3+ Ke5 71. Ne2 Bc5 72. Bc6 Ra3 73. Bb7 Rb3 74. Bc6 Re3 75. Bf3 Bb6 76. Kf2 Ba7 77. Kg2 Kd6 78. Kf2 Kc5 79. Bb7 Kb4 80. Bf3 Kb3 81. Kg2 Kc2 82. Ng1 Re1 83. Nh3 Kd2 84. Bd5 Bc5 85. Bc6 Bd4 86. Bd5 Re2+ 87. Kh1 Re3 88. Kh2 Rg3 89. Be6 Re3 90. Bc4 Re1 91. Kg2 Bb6 92. Bd5 Re3 93. Bc6 Rg3+ 0-1

[Event "EU-ch U16"]
[Site "Bratislava"]
[Date "2019.08.09"]
[Round "8"]
[White "Ghachava, Akaki"]
[Black "Iliaguev, Daniel"]
[Result "1/2-1/2"]
[WhiteElo "1798"]
[BlackElo "2139"]
[PlyCount "84"]
[EventDate "2019.08.02"]
[EventType "swiss"]
[EventRounds "9"]
[EventCountry "SVK"]
[SourceTitle "CBM 191 Extra"]
[Source "ChessBase"]
[SourceDate "2019.09.30"]
[SourceVersion "1"]
[SourceVersionDate "2019.09.30"]
[SourceQuality "1"]

1. e4 e5 2. Nf3 Nc6 3. Bb5 g6 4. c3 a6 5. Ba4 Nge7 6. 0-0 Bg7 7. d4 exd4 8. cxd4 d5 9. exd5 Nxd5 10. Re1+ Be6 11. Ne5 0-0 12. Bxc6 bxc6 13. Nxc6 Qd6 14. Ne5 Rfd8 15. Qe2 Nb4 16. a3 Bxe5 17. dxe5 Qd3 18. Qxd3 Nxd3 19. Rf1 Nxe5 20. Bf4 Nd3 21. Bxc7 Rd7 22. Bg3 Nxb2 23. Nc3 Bf5 24. h3 f6 25. Rfe1 Nd3 26. Re3 Nc5 27. Rc1 Rad8 28. Kh2 Rd3 29. Rce1 Rxe3 30. Rxe3 Kf7 31. Bc7 Rc8 32. Bd6 Be6 33. Ne4 Nxe4 34. Rxe4 Rc2 35. Kg3 g5 36. Rb4 Rc6 37. Rb7+ Kg6 38. Bf8 Bf7 39. h4 h5 40. hxg5 fxg5 41. Rd7 Be6 42. Rd6 Rxd6 1/2-1/2

[Event "EU-ch U16"]
[Site "Bratislava"]
[Date "2019.08.07"]
[Round "6"]
[White "Alonso Garcia, Aaron"]
[Black "Iliaguev, Daniel"]
[Result "1-0"]
[WhiteElo "2291"]
[BlackElo "2139"]
[PlyCount "53"]
[EventDate "2019.08.02"]
[EventType "swiss"]
[EventRounds "9"]
[EventCountry "SVK"]
[SourceTitle "CBM 191 Extra"]
[Source "ChessBase"]
[SourceDate "2019.09.30"]
[SourceVersion "1"]
[SourceVersionDate "2019.09.30"]
[SourceQuality "1"]

1. e4 c5 2. Nc3 Nc6 3. g3 g6 4. Bg2 Rb8 5. d3 Bg7 6. Be3 d6 7. Qd2 b5 8. Nge2 b4 9. Nd1 a5 10. 0-0 e6 11. a3 Nge7 12. Bh6 0-0 13. Bxg7 Kxg7 14. Ne3 e5 15. f4 f5 16. exf5 Bxf5 17. fxe5 Nxe5 18. axb4 axb4 19. Ra7 Rf7 20. d4 cxd4 21. Nxd4 Qb6 22. Rfa1 Bd7 23. R1a6 Qd8 24. Rxd6 Qc8 25. Rdxd7 Nxd7 26. Ne6+ Kf6 27. Rxd7 1-0

[Event "EU-ch U16"]
[Site "Bratislava"]
[Date "2019.08.06"]
[Round "5"]
[White "Iliaguev, Daniel"]
[Black "Peyrer, Konstantin"]
[Result "1/2-1/2"]
[WhiteElo "2139"]
[BlackElo "2260"]
[PlyCount "70"]
[EventDate "2019.08.02"]
[EventType "swiss"]
[EventRounds "9"]
[EventCountry "SVK"]
[SourceTitle "CBM 191 Extra"]
[Source "ChessBase"]
[SourceDate "2019.09.30"]
[SourceVersion "1"]
[SourceVersionDate "2019.09.30"]
[SourceQuality "1"]

1. Nf3 Nf6 2. g3 g6 3. Bg2 Bg7 4. 0-0 0-0 5. d4 d6 6. b3 c5 7. Bb2 Nc6 8. c4 d5 9. Nbd2 dxc4 10. Nxc4 Be6 11. Rc1 Ne4 12. Nfe5 Nxe5 13. dxe5 Bxc4 14. Bxe4 Ba6 15. Rxc5 Qb6 16. Rc2 Rfd8 17. Qc1 Qe6 18. Qf4 Rac8 19. Rxc8 Rxc8 20. Qf3 Qb6 21. Rd1 Rd8 22. Rxd8+ Qxd8 23. Bd3 Qa5 24. Bxa6 Qxa6 25. a4 e6 26. Qd3 Qa5 27. Qc3 Qxc3 28. Bxc3 Kf8 29. Kg2 Ke8 30. Kf3 Kd7 31. Ke4 Bf8 32. Bd4 b6 33. Kd3 Kc6 34. e4 Bb4 35. f4 a6 1/2-1/2

[Event "EU-ch U16"]
[Site "Bratislava"]
[Date "2019.08.04"]
[Round "3"]
[White "Jirousek, Jan"]
[Black "Iliaguev, Daniel"]
[Result "0-1"]
[WhiteElo "1996"]
[BlackElo "2139"]
[PlyCount "96"]
[EventDate "2019.08.02"]
[EventType "swiss"]
[EventRounds "9"]
[EventCountry "SVK"]
[SourceTitle "CBM 191 Extra"]
[Source "ChessBase"]
[SourceDate "2019.09.30"]
[SourceVersion "1"]
[SourceVersionDate "2019.09.30"]
[SourceQuality "1"]

1. d4 Nf6 2. Nf3 g6 3. Nc3 d5 4. Bf4 Bg7 5. e3 0-0 6. Be2 c5 7. Ne5 Nc6 8. 0-0 Bf5 9. Nxc6 bxc6 10. dxc5 Nd7 11. Bd3 Bxd3 12. cxd3 e5 13. Bg3 Nxc5 14. Na4 Ne6 15. Rc1 Rc8 16. Nc5 Nxc5 17. Rxc5 f5 18. f3 Re8 19. Bf2 Bf8 20. Rc1 e4 21. fxe4 fxe4 22. d4 Qb6 23. b3 Bd6 24. Qd2 Qc7 25. h3 Qd7 26. Rfd1 Bb8 27. Kh1 Rf8 28. Bg1 Qd6 29. Rf1 h5 30. Rxf8+ Rxf8 31. Qe2 Bc7 32. Qc2 Rf6 33. Qc5 Qg3 34. Qc2 g5 35. Qe2 g4 36. Rf1 Rxf1 37. Qxf1 gxh3 38. gxh3 Qf3+ 39. Qxf3 exf3 40. Bf2 Kf7 41. Kg1 Ke6 42. Bh4 Kf5 43. Kf2 Ke4 44. Be7 Ba5 45. b4 Bc7 46. a4 a6 47. h4 Bh2 48. Bc5 Bg3+ 0-1

[Event "Pardubice Czech op-A 30th"]
[Site "Pardubice"]
[Date "2019.07.22"]
[Round "4"]
[White "Belyakov, Bogdan"]
[Black "Iliaguev, Daniel"]
[Result "1/2-1/2"]
[WhiteElo "2500"]
[BlackElo "2053"]
[PlyCount "167"]
[EventDate "2019.07.19"]
[EventType "swiss"]
[EventRounds "9"]
[EventCountry "CZE"]
[SourceTitle "CBM 191"]
[Source "ChessBase"]
[SourceDate "2019.08.31"]
[SourceVersion "1"]
[SourceVersionDate "2019.08.31"]
[SourceQuality "1"]

1. e4 e6 2. d4 d5 3. Nc3 Bb4 4. a3 Bxc3+ 5. bxc3 dxe4 6. Qg4 Nf6 7. Qxg7 Rg8 8. Qh6 Bd7 9. h3 c5 10. dxc5 Ba4 11. Ne2 Nbd7 12. Qd2 Nxc5 13. Qxd8+ Rxd8 14. Be3 b6 15. Rc1 Nd5 16. Bd4 e3 17. fxe3 e5 18. Bxe5 Nxe3 19. Kf2 Nxc2 20. Nd4 Rd5 21. Bf4 Nxd4 22. cxd4 Rxd4 23. Be3 Rd5 24. g4 Rg6 25. Bc4 Rf6+ 26. Kg2 Rd7 27. Rhe1 Bc6+ 28. Kh2 Kf8 29. g5 Rf3 30. Rc3 Ne4 31. Rc2 Nc5 32. Bf1 Rf5 33. Rec1 Be4 34. Bxc5+ bxc5 35. Rxc5 Rd2+ 36. Kg1 Rff2 37. Re5 Bg2 38. Bxg2 Rxg2+ 39. Kf1 Rh2 40. Kg1 Rxh3 41. Ra5 Ra2 42. Rxa7 Rhxa3 43. Rxa3 Rxa3 44. Kf2 Ra5 45. Rh1 Kg8 46. Rh6 Rxg5 47. Ra6 Kg7 48. Kf3 h5 49. Ra4 Kg6 50. Ra6+ f6 51. Ra4 Rb5 52. Kf4 Rb1 53. Kg3 Kg5 54. Ra5+ f5 55. Ra4 Rb3+ 56. Kg2 h4 57. Rc4 Rg3+ 58. Kf2 Rg4 59. Rc3 Ra4 60. Kf3 Ra2 61. Rc4 h3 62. Kg3 h2 63. Rg4+ Kf6 64. Rh4 Ke5 65. Rh8 Rd2 66. Rh4 f4+ 67. Kf3 Rd3+ 68. Kg2 Rg3+ 69. Kxh2 Rg8 70. Rh3 Ke4 71. Ra3 Rd8 72. Kg2 Rd2+ 73. Kf1 Rb2 74. Rc3 Kf5 75. Ra3 Kg4 76. Rc3 Ra2 77. Rb3 Ra4 78. Kf2 f3 79. Rb8 Ra2+ 80. Kf1 f2 81. Kg2 Kf4 82. Rf8+ Ke4 83. Rxf2 Rxf2+ 84. Kxf2 1/2-1/2

[Event "Pardubice Czech op-A 30th"]
[Site "Pardubice"]
[Date "2019.07.20"]
[Round "2"]
[White "Stalmach, Richard"]
[Black "Iliaguev, Daniel"]
[Result "0-1"]
[WhiteElo "2381"]
[BlackElo "2053"]
[PlyCount "130"]
[EventDate "2019.07.19"]
[EventType "swiss"]
[EventRounds "9"]
[EventCountry "CZE"]
[SourceTitle "CBM 191"]
[Source "ChessBase"]
[SourceDate "2019.08.31"]
[SourceVersion "1"]
[SourceVersionDate "2019.08.31"]
[SourceQuality "1"]

1. d4 Nf6 2. c4 g6 3. f3 Nh5 4. e4 e5 5. Be3 exd4 6. Bxd4 Bg7 7. Bxg7 Nxg7 8. Nc3 Nc6 9. Qd2 0-0 10. 0-0-0 d6 11. g4 f5 12. gxf5 gxf5 13. Nge2 fxe4 14. fxe4 Bg4 15. Rg1 Ne5 16. h3 Bf3 17. Nd4 Bxd1 18. Ne6 Qf6 19. Nxg7 Kh8 20. Qxd1 Rg8 21. Be2 Rxg7 22. Rf1 Qg5+ 23. Kb1 Rf7 24. Rg1 Qe3 25. Bh5 Rf2 26. Ka1 Raf8 27. Be2 Qxh3 28. Qc1 Qh4 29. a3 Qf4 30. Qb1 Qf7 31. Qd1 Nxc4 32. Nd5 Ne5 33. Bh5 Rf1 34. Bxf7 Rxd1+ 35. Rxd1 Rxf7 36. Kb1 h6 37. Kc2 Kh7 38. Rg1 Rf2+ 39. Kc3 Rf3+ 40. Kc2 c6 41. Ne7 Rf2+ 42. Kc3 Rf3+ 43. Kc2 Rf7 44. Nf5 d5 45. Nd6 Rf2+ 46. Kc3 Nf3 47. Rd1 d4+ 48. Kb3 Re2 49. Nxb7 Rxe4 50. Nc5 Re2 51. Nd3 Rd2 52. Rxd2 Nxd2+ 53. Kb4 Nf3 54. Kc5 Kg6 55. Kxc6 Kf5 56. Kd5 h5 57. b4 h4 58. a4 h3 59. Nf2 h2 60. Kc4 Kf4 61. Nh1 Ke3 62. b5 d3 63. Kc3 d2 64. Kc2 Ke2 65. Ng3+ Ke1 0-1

[Event "Netanya op"]
[Site "Netanya"]
[Date "2019.06.27"]
[Round "5"]
[White "Iliaguev, Daniel"]
[Black "Kopaloff, Liam"]
[Result "1-0"]
[WhiteElo "1993"]
[BlackElo "1568"]
[PlyCount "75"]
[EventDate "2019.06.23"]
[EventType "swiss"]
[EventRounds "9"]
[EventCountry "ISR"]
[SourceTitle "CBM 191 Extra"]
[Source "ChessBase"]
[SourceDate "2019.09.30"]
[SourceVersion "1"]
[SourceVersionDate "2019.09.30"]
[SourceQuality "1"]

1. g3 d5 2. Bg2 Nf6 3. d4 e6 4. Nf3 Bd6 5. 0-0 0-0 6. c4 b6 7. Nc3 Bb7 8. Qc2 Nbd7 9. Rd1 Rc8 10. b3 Qe7 11. Bb2 Rfd8 12. Rac1 a6 13. Nd2 c5 14. dxc5 Bxc5 15. cxd5 exd5 16. Qf5 Qe6 17. Bh3 Nf8 18. Qxe6 Nxe6 19. Na4 Nd7 20. Nf3 b5 21. Nxc5 Rxc5 22. Nd4 Nxd4 23. Bxd4 Rxc1 24. Rxc1 Rc8 25. Rd1 Rc7 26. e4 Nf8 27. exd5 Bxd5 28. Be5 Bf3 29. Bxc7 Bxd1 30. Bc8 Ne6 31. Bb6 Bc2 32. Bxa6 Bb1 33. a3 Bc2 34. Bxb5 Bxb3 35. Bc6 Bc4 36. f4 g6 37. a4 Kf8 38. Bb7 1-0

[Event "Ramat Gan Shavout"]
[Site "Ramat Gan"]
[Date "2019.06.08"]
[Round "1"]
[White "Iliaguev, Daniel"]
[Black "Caspi, Israel"]
[Result "0-1"]
[WhiteElo "1993"]
[BlackElo "2458"]
[PlyCount "70"]
[EventDate "2019.06.08"]
[EventType "swiss"]
[EventRounds "9"]
[EventCountry "ISR"]
[SourceTitle "EXT 2020"]
[Source "ChessBase"]
[SourceDate "2019.10.17"]
[SourceVersion "1"]
[SourceVersionDate "2019.10.17"]
[SourceQuality "1"]

1. g3 f5 2. Bg2 Nf6 3. Nf3 g6 4. 0-0 Bg7 5. d4 0-0 6. b3 c6 7. c4 Ne4 8. Bb2 d5 9. Nbd2 Be6 10. Nxe4 fxe4 11. Ne5 Nd7 12. cxd5 cxd5 13. Nxd7 Qxd7 14. Qd2 Bh3 15. Rac1 Bxg2 16. Kxg2 Rf5 17. f3 Qe6 18. fxe4 Qxe4+ 19. Rf3 Bh6 20. Qc2 Bxc1 21. Qxe4 dxe4 22. Rxf5 Bxb2 23. Re5 Bxd4 24. Rxe7 e3 25. Kf3 b6 26. b4 a5 27. Ke4 Bc3 28. b5 Bb4 29. Rc7 Bc5 30. Kd5 Rd8+ 31. Ke6 Rd6+ 32. Ke5 Rd2 33. Kf6 Bd4+ 34. Kg5 Rxe2 35. Kh6 Rxh2+ 0-1

[Event "EU-ch U16 28th"]
[Site "Riga"]
[Date "2018.08.23"]
[Round "4"]
[White "Iliaguev, Daniel"]
[Black "Martinovici, Ilie"]
[Result "0-1"]
[WhiteElo "2118"]
[BlackElo "2358"]
[PlyCount "113"]
[EventDate "2018.08.20"]
[EventType "swiss"]
[EventRounds "9"]
[EventCountry "LAT"]
[SourceTitle "CBM 186 Extra"]
[Source "ChessBase"]
[SourceDate "2018.08.24"]
[SourceVersion "1"]
[SourceVersionDate "2018.08.24"]
[SourceQuality "1"]

1. e4 Nc6 2. Nc3 e5 3. Nf3 Nf6 4. Bb5 Bb4 5. 0-0 0-0 6. Bxc6 dxc6 7. Nxe5 Re8 8. Nd3 Bxc3 9. dxc3 Nxe4 10. Nf4 Bf5 11. Be3 Qxd1 12. Raxd1 Nd6 13. Nd3 Nc4 14. Bf4 Bxd3 15. Rxd3 Nxb2 16. Rd7 Na4 17. Rxc7 Nxc3 18. Be3 b6 19. Rxc6 Nxa2 20. Rc7 Rec8 21. Rb7 Nc3 22. Ra1 Nb5 23. c4 Nd6 24. Rbxa7 Rxa7 25. Rxa7 Nxc4 26. Bf4 h6 27. h4 Rc5 28. Rb7 b5 29. Kf1 Rf5 30. g3 g5 31. hxg5 hxg5 32. Bc1 Kg7 33. Ke2 Rd5 34. g4 Re5+ 35. Kd3 Kg6 36. f4 Re1 37. Kc2 gxf4 38. Bxf4 Re4 39. Bc1 Re5 40. Kc3 f6 41. Bf4 Rd5 42. Bb8 Ne5 43. Bxe5 fxe5 44. Rb8 Kg5 45. Rg8+ Kf4 46. g5 Kf5 47. Rg7 Rd6 48. Kb4 Rg6 49. Rc7 Ke4 50. Kxb5 Rxg5 51. Kc4 Rg8 52. Kc3 Ke3 53. Kc2 e4 54. Re7 Rd8 55. Rh7 Kf2 56. Rh2+ Kg3 57. Rd2 0-1

[Event "EU-ch U16 28th"]
[Site "Riga"]
[Date "2018.08.21"]
[Round "2"]
[White "Degraeve, Remy"]
[Black "Iliaguev, Daniel"]
[Result "1-0"]
[WhiteElo "2322"]
[BlackElo "2118"]
[PlyCount "50"]
[EventDate "2018.08.20"]
[EventType "swiss"]
[EventRounds "9"]
[EventCountry "LAT"]
[SourceTitle "CBM 186 Extra"]
[Source "ChessBase"]
[SourceDate "2018.08.24"]
[SourceVersion "1"]
[SourceVersionDate "2018.08.24"]
[SourceQuality "1"]

1. e4 c5 2. Nf3 g6 3. d4 cxd4 4. Qxd4 Nf6 5. Nc3 Nc6 6. Qa4 d6 7. e5 Ng4 8. Bf4 Bd7 9. exd6 e5 10. Nb5 Na5 11. Qe4 Qb6 12. Nxe5 Qxf2+ 13. Kd1 0-0-0 14. Nxd7 Kxd7 15. Be2 Nf6 16. Qf3 Qxf3 17. Bxf3 a6 18. Be5 Bg7 19. Na3 Rde8 20. Bc3 Nc6 21. Nc4 Nh5 22. Bxg7 Nxg7 23. Re1 Rxe1+ 24. Kxe1 Re8+ 25. Kf2 b5 1-0

[Event "Pardubice Czech op-A 29th"]
[Site "Pardubice"]
[Date "2018.07.26"]
[Round "7"]
[White "Iliaguev, Daniel"]
[Black "Jedlicka, Ales"]
[Result "1/2-1/2"]
[WhiteElo "2073"]
[BlackElo "2221"]
[PlyCount "98"]
[EventDate "2018.07.20"]
[EventType "swiss"]
[EventRounds "9"]
[EventCountry "CZE"]
[SourceTitle "CBM 185 Extra"]
[Source "ChessBase"]
[SourceDate "2018.07.29"]
[SourceVersion "1"]
[SourceVersionDate "2018.07.29"]
[SourceQuality "1"]

1. d4 Nf6 2. Bg5 Ne4 3. Bf4 c5 4. f3 Qa5+ 5. c3 Nf6 6. d5 Qb6 7. Bc1 e6 8. e4 exd5 9. exd5 d6 10. Na3 Be7 11. Nc4 Qc7 12. a4 0-0 13. g4 Re8 14. Kf2 Nbd7 15. g5 Nh5 16. f4 g6 17. Be2 Ng7 18. h4 Nf5 19. h5 Bf8 20. hxg6 fxg6 21. a5 b5 22. axb6 Nxb6 23. Nxb6 Qxb6 24. Nf3 Re7 25. Bc4 Bd7 26. Re1 Rxe1 27. Qxe1 Re8 28. Qf1 a5 29. b3 Bg7 30. Bd2 h5 31. gxh6 Nxh6 32. Qb1 Bf5 33. Qa2 Ng4+ 34. Kg3 Nf6 35. Ng5 Bh6 36. Kg2 Bxg5 37. fxg5 Ne4 38. Bf4 Nxc3 39. Qxa5 Be4+ 40. Kg3 Qxa5 41. Rxa5 Bxd5 42. Bxd5+ Nxd5 43. Bxd6 Re3+ 44. Kh2 Rxb3 45. Rxc5 Rd3 46. Be5 Kf7 47. Rc6 Re3 48. Bg3 Re6 49. Rxe6 Kxe6 1/2-1/2

[Event "Pardubice Czech op-A 29th"]
[Site "Pardubice"]
[Date "2018.07.23"]
[Round "4"]
[White "Slovak, Kilian"]
[Black "Iliaguev, Daniel"]
[Result "1/2-1/2"]
[WhiteElo "2285"]
[BlackElo "2073"]
[PlyCount "83"]
[EventDate "2018.07.20"]
[EventType "swiss"]
[EventRounds "9"]
[EventCountry "CZE"]
[SourceTitle "CBM 185 Extra"]
[Source "ChessBase"]
[SourceDate "2018.07.29"]
[SourceVersion "1"]
[SourceVersionDate "2018.07.29"]
[SourceQuality "1"]

1. e4 c5 2. Nf3 g6 3. d4 cxd4 4. Qxd4 Nf6 5. Nc3 Nc6 6. Qa4 d6 7. e5 Ng4 8. exd6 Qxd6 9. Bf4 Qc5 10. 0-0-0 Bg7 11. Nd5 0-0 12. b4 Nxb4 13. Nxb4 Qc3 14. Nd3 e5 15. Be3 b5 16. Qb4 Qa1+ 17. Kd2 Qxa2 18. h3 a5 19. Qb2 Qxb2 20. Nxb2 Nxe3 21. fxe3 Rd8+ 22. Kc1 Rxd1+ 23. Nxd1 a4 24. Bxb5 a3 25. Nc3 Be6 26. Kd2 Rd8+ 27. Ke2 Rc8 28. Kd2 Bf8 29. Nxe5 Bb4 30. Nc6 Bxc3+ 31. Kxc3 Bd5 32. Ra1 Bxg2 33. Rxa3 Bxc6 34. Bxc6 Rxc6+ 35. Kd3 Kg7 36. c4 Kf6 37. Ra5 Ke6 38. Kd4 Rd6+ 39. Ke4 f5+ 40. Kf4 h6 41. h4 Rc6 42. c5 1/2-1/2

[Event "EU-ch 16th"]
[Site "Jerusalem"]
[Date "2015.02.25"]
[Round "2"]
[White "Hasidovsky, Michael"]
[Black "Iliaguev, Daniel"]
[Result "1-0"]
[WhiteElo "2187"]
[BlackElo "1813"]
[PlyCount "56"]
[EventDate "2015.02.24"]
[EventType "swiss"]
[EventRounds "11"]
[EventCountry "ISR"]
[SourceTitle "CBM 166"]
[Source "ChessBase"]
[SourceDate "2015.05.11"]
[SourceVersion "1"]
[SourceVersionDate "2015.05.11"]
[SourceQuality "1"]

1. Nf3 Nf6 2. c4 g6 3. Nc3 c5 4. e4 Nc6 5. d4 cxd4 6. Nxd4 d6 7. Be2 Bg7 8. Be3 Bd7 9. Qd2 Rc8 10. b3 Qa5 11. f3 h5 12. Rc1 a6 13. 0-0 0-0 14. Nxc6 bxc6 15. c5 Be6 16. Nd5 Qd8 17. Nb6 Rb8 18. cxd6 exd6 19. Rxc6 d5 20. e5 Nd7 21. Nxd7 Qxd7 22. Rd6 Qe7 23. f4 f6 24. Bf3 fxe5 25. fxe5 Kh8 26. Bd4 Ra8 27. Rc1 Rfd8 28. Rcc6 Bg8 1-0

[Event "EU-ch 16th"]
[Site "Jerusalem"]
[Date "2015.02.24"]
[Round "1"]
[White "Iliaguev, Daniel"]
[Black "Klein, David"]
[Result "0-1"]
[WhiteElo "1813"]
[BlackElo "2505"]
[PlyCount "52"]
[EventDate "2015.02.24"]
[EventType "swiss"]
[EventRounds "11"]
[EventCountry "ISR"]
[SourceTitle "CBM 166"]
[Source "ChessBase"]
[SourceDate "2015.05.11"]
[SourceVersion "1"]
[SourceVersionDate "2015.05.11"]
[SourceQuality "1"]

1. e4 Nf6 2. e5 Nd5 3. c4 Nb6 4. d4 d6 5. exd6 cxd6 6. Nf3 g6 7. Be2 Bg7 8. 0-0 0-0 9. Nc3 Nc6 10. h3 Bf5 11. Be3 d5 12. b3 dxc4 13. bxc4 Rc8 14. Rc1 Na5 15. c5 Nbc4 16. Qa4 Bd7 17. Qc2 Nxe3 18. fxe3 e5 19. Rcd1 exd4 20. exd4 Nc6 21. Qb2 Rb8 22. d5 Qa5 23. Qb5 Qxc3 24. dxc6 bxc6 25. Qd3 Qxc5+ 26. Kh1 Be6 0-1